| 000 | 00858nam a2200301Ia 4500 | ||
|---|---|---|---|
| 001 | 63015 | ||
| 003 | IT-RoPAU | ||
| 008 | 130308s9999 xx 000 0 und d | ||
| 040 | _aIT-RoPAU | ||
| 040 | _cIT-RoPAU | ||
| 041 | _aITALIANO | ||
| 100 | _aMidali Mario | ||
| 100 | _gCodice Aut. SPICS: 22216 | ||
| 245 | _aTeologia pratica e scienze umane | ||
| 245 | _bScienza e Prassi Pastorale in Italia | ||
| 250 | _a1a ed. | ||
| 260 | _aNAPOLI | ||
| 260 | _bDehoniane | ||
| 260 | _c1985 [1° Ed.:1985 - Ed.Ling.Originale:1985] | ||
| 300 | _a"20 p. (prefazione: no ; testo: 20 [pagine: 151-170])" | ||
| 500 | _aTeologia Pratica e Psicologia Rapporti tra Teologia Pratica e Scienze Umane Secondo Steinkamp | ||
| 650 | _aTEORIA PASTORALE | ||
| 650 | _eCodice materia Spics: 9301 | ||
| 942 | _cBK | ||
| 957 | _71 | ||
| 999 |
_c64210 _d64210 |
||
| 999 | _bSI | ||
| 999 | _g1 | ||